000 00799cam a2200241 a 4500
001 2560361
005 20180312084508.0
008 950512s1995 nyu b 000 0 eng
010 _a 95020281
020 _a1573920037 (pbk. : alk. paper)
040 _aDLC
_cDLC
_dDLC
_dWaU
_dDLC
041 _aeng
043 _an-us---
080 _a306.766
082 0 0 _a306.766 BAI
_220
100 _a50
101 _aSOC
245 0 0 _aHomosexuality :
_cedited by Robert M. Baird & M. Katherine Baird.
504 _aIncludes bibliographical references (p. 279).
906 _a7
_bcbc
_corignew
_d1
_eocip
_f19
_gy-gencatlg
942 _2ddc
_cBK
999 _c44750
_d44750